000
00311nam a2200121Ia 4500
008
231228s2003 xx 000 0 und d
041
_a
eng
082
_a
658.4052
_b
RUS
100
_a
RUSH (Jon)
245
_a
Undersanding and Negoting Business Contracts
260
_a
New Delhi
_b
C.B.S F
_c
2003
300
_a
166
999
_c
1087984
_d
1087984